| 000 | 00437cam a2200181ua 4500 | ||
|---|---|---|---|
| 041 |
_aeng _h |
||
| 082 |
_a330.954 _bJAT/IN |
||
| 100 | _aJathar, G B . | ||
| 245 |
_aIndian economics / _cG B Jathar. _hTextual Documents |
||
| 250 |
_a1 / _b. |
||
| 260 |
_aLondon : _bOxford University Press , _c1957. |
||
| 300 | _a479 ; . | ||
| 504 | _a | ||
| 700 | 1 | _aJathar, K G . | |
| 942 | _cBK | ||
| 999 |
_c12097 _d12097 |
||